000 00592nam a2200229Ia 4500
003 OSt
005 20220928105000.0
006 a|||||r|||| 00| 0
007 ta
008 220927b |||||||| |||| 00| 0 eng d
024 _a54434
037 _cTextual
040 _aSDCL
_cSDCL
_beng
041 _2eng
_aeng
082 _aO152,3NO5,8, M6
100 _aJainendra Kumar
245 0 _aJai Vardhan .
260 _aNew Delhi
_bPoorvodaya Prakashan
_c1986
300 _a320p.
_ccm.
942 _hO152,3NO5,8, M6
_cTEXL
_2CC
999 _c728929
_d728929